00285nam a2200121Ia 4500008004100000041000900041082001700050100001500067245002700082260003800109300000800147650000800155230718s9999 xx 000 0 und d aEng. a34401bKHA-L aKhan, A.K  0aLabour Lawsin Pakistan aPakistanbManzoor Law book c2012 a717 aLaw